000 00304nam a22001217a 4500
020 _a0-07-022764-0
082 _a620 MCG
100 _aGANIC EDUP N, HICKS TYLER G
_967645
245 _aESSENTIAL ENGINEERING INFORMATION AND DATA
260 _aNEW YORK
_bMCGRAW HILL
_c1991
300 _aPDF
942 _cBK
999 _c575374
_d575374